|
|
|
|
| LEADER |
00000cam a2200000 7i4500 |
| 001 |
0000002572 |
| 005 |
20030813.0 |
| 020 |
0 |
0 |
|a 9836252991
|
| 090 |
0 |
0 |
|a 428.2
|b ROS 2003
|
| 100 |
0 |
0 |
|a ROSE Tunku Ismail
|
| 245 |
1 |
2 |
|a A review of English grammar, volume 1
|c Rose Tunku Ismail
|
| 260 |
0 |
0 |
|a Pulau Pinang :
|b Universiti Sains Malaysia, Dewan Bahasa & Pustaka ,
|c 2003
|
| 300 |
|
|
|a v. :
|b ill. ;
|c 27 cm.
|
| 440 |
0 |
0 |
|a Siri pendidikan jarak jauh
|
| 650 |
0 |
0 |
|a English language
|x Grammar
|
| 650 |
0 |
0 |
|a English language
|x Usage
|
| 998 |
|
|
|a JPSM
|
| 999 |
|
|
|a 0000005010
|b Monograph
|c Open Shelf
|e Default branch
|